000 00446nam a2200205Ia 4500
001 11977
003 GE_BSU
008 181216s||||||||xx |||||||||||||| ||und||
020 _a9780099579939
040 _cGE_BSU
080 _a821.111-32
100 _aJames,EL
245 _aFifty Shades of Grey.
260 _aLondon
260 _bArrow Books.
260 _c2012.
300 _a514p;20cm.
653 _aFifty Shades of Grey.
942 _cBK
999 _c45154
_d45154